| 000 | 00518nam a2200181Ia 4500 | ||
|---|---|---|---|
| 005 | 20250326141651.0 | ||
| 008 | 250326s9999 xx 000 0 und d | ||
| 037 | _aTextbook | ||
| 040 |
_aFMSL _beng _cFMSL |
||
| 041 |
_aeng _2eng |
||
| 084 |
_aB2893 K2;1 _qFMSL |
||
| 100 | _aStarr M K | ||
| 245 | 0 |
_aInventory control : Theory and Practice _cStarr M K; Miller D W |
|
| 260 |
_aNew Delhi _bNew Delhi, Prentice Hall _c1962 |
||
| 300 | _a364p | ||
| 942 |
_cTB _hB2893 K2;1 |
||
| 999 |
_c1291398 _d1291398 |
||